Brhaspatismrti(reconstructed) (Record no. 360579)

000 -LEADER
fixed length control field 00351cam a22001217a 4500
008 - FIXED-LENGTH DATA ELEMENTS--GENERAL INFORMATION
fixed length control field 180718b1941 xxu||||| |||| 00| 0 eng d
082 ## - DEWEY DECIMAL CLASSIFICATION NUMBER
Classification number G93x54 B759
100 ## - MAIN ENTRY--PERSONAL NAME
Personal name Aiyangar, K.V. Rangaswami
245 ## - TITLE STATEMENT
Title Brhaspatismrti(reconstructed)
Statement of responsibility, etc. by K.V. Rangaswami Aiyangar
260 ## - PUBLICATION, DISTRIBUTION, ETC.
Place of publication, distribution, etc. Baroda
Name of publisher, distributor, etc. Orienta;Institute
Date of publication, distribution, etc. 1941
300 ## - PHYSICAL DESCRIPTION
Extent 546p.
650 ## - SUBJECT ADDED ENTRY--TOPICAL TERM
Topical term or geographic name entry element Law, Hindu
Holdings
Withdrawn status Lost status Damaged status Not for loan Permanent Location Current Location Date acquired Full call number Barcode Date last seen Price effective from Koha item type
        Indian Institute of Public Administration Indian Institute of Public Administration 2010-01-22 G93x54 B759 A1686 2018-07-21 2018-07-21 A

Powered by Koha